Normal view
MARC view
Entry Personal Name
001 - CONTROL NUMBER
- control field: 80538
003 - CONTROL NUMBER IDENTIFIER
- control field: dpl
005 - DATE AND TIME OF LATEST TRANSACTION
- control field: 20250409151359.0
008 - FIXED-LENGTH DATA ELEMENTS
- fixed length control field: 250409|| aca||aabn | a|a d
040 ## - CATALOGING SOURCE
- Original cataloging agency: dpl
- Transcribing agency: dpl
100 ## - HEADING--PERSONAL NAME
- Personal name: Ramasubramanyan, N
670 ## - SOURCE DATA FOUND
- Source citation: Work cat.: (dpl)57016: Ramasubramanyan, N., Corporate World:, 2009
